000 01022 a2200229 4500
001 54896
005 20260407155824.0
008 260407a1968 arg spa d
003 AR-UNSa-BCEJYS
040 _aAR-UNSa-BCEJYS
_bspa
_cAR-UNSa-BCEJYS
080 _a316
_xSociología
245 1 0 _a¿Que es la sociología?
_pIntroducción a la ciencia y a la profesión
250 _a2a. ed.
264 1 _aMéxico :
_bUnión Tipográfica Editorial Hispano-Americana (UTEHA)
_c1968
300 _axii, 262 p.
_c17 cm.
505 _aI. Objeto de la sociología - II. La perspectiva sociológica - III. Modelos de sociedades en el análisis sociológico - IV. Conceptos sobre el hombre en el análisis sociológico - V. Elementos básicos de la vida social - VI. Procesos sociales fundamentales - VII. Modos de investigación en sociología - VIII. La sociología como profesión
041 _aspa
942 _cBK
590 _aniveau_biblio:m niveau_hierar:0
100 1 _aInkeles, Alex
700 1 _aCirivi-Ventalló, Matías
999 _c5822
_d5822